| 000 | 01269cam a2200325 a 4500 | ||
|---|---|---|---|
| 001 | 15242275 | ||
| 005 | 20141001095403.0 | ||
| 008 | 080401s2009 mau 001 0 eng | ||
| 010 | _a 2008014981 | ||
| 020 | _a9780073378855 (pbk. : spiral bound : alk. paper) | ||
| 020 | _a0073378852 (pbk. : spiral bound : alk. paper) | ||
| 040 |
_aDLC _cDLC _dDLC |
||
| 050 | 0 | 0 |
_aPN 4783 _b.Ar76 2009 |
| 082 | 0 | 0 | _a808/.027 |
| 100 | 1 | _aArnold, George T. | |
| 245 | 1 | 0 |
_aMedia writer's handbook : _ba guide to common writing and editing problems / _cGeorge T. Arnold. |
| 250 | _a5th ed. | ||
| 260 |
_aBoston : _bMcGraw-Hill Higher Education, _cc2009. |
||
| 300 |
_axxi, 335, 8 pages : _c23 cm. |
||
| 500 | _aIncludes index. | ||
| 521 | _aMedia Arts | ||
| 650 | 0 |
_aJournalism _vStyle manuals. |
|
| 650 | 0 |
_aJournalism _xAuthorship. |
|
| 650 | 0 |
_aMass media _xAuthorship. |
|
| 856 | 4 | 2 |
_3Publisher description _uhttp://www.loc.gov/catdir/enhancements/fy0834/2008014981-d.html |
| 856 | 4 | 1 |
_3Table of contents only _uhttp://www.loc.gov/catdir/enhancements/fy0834/2008014981-t.html |
| 906 |
_a7 _bcbc _corignew _d1 _eecip _f20 _gy-gencatlg |
||
| 942 |
_2lcc _cBK _kFOR |
||
| 999 |
_c275982 _d275982 |
||